Giáo trình trắc địa Dùng cho ngành trồng trọt các trường Nông nghiệp

Đã lưu trong:
Bibliografiske detaljer
Hovedforfatter: Nguyễn Trọng Tuyển
Format: Bog
Sprog:Undetermined
Udgivet: Hà Nội Nông Nghiệp 1980
Fag:
Tags: Tilføj Tag
Ingen Tags, Vær først til at tagge denne postø!
Thư viện lưu trữ: Trung tâm Học liệu Trường Đại học Cần Thơ
LEADER 00589nam a2200193Ia 4500
001 CTU_2024
008 210402s9999 xx 000 0 und d
082 |a 526.1 
082 |b T527 
100 |a Nguyễn Trọng Tuyển 
245 0 |a Giáo trình trắc địa 
245 0 |b Dùng cho ngành trồng trọt các trường Nông nghiệp 
245 0 |c Nguyễn Trọng Tuyển 
260 |a Hà Nội 
260 |b Nông Nghiệp 
260 |c 1980 
650 |a geodesy 
904 |i Minh, 960821 
980 |a Trung tâm Học liệu Trường Đại học Cần Thơ